BIBLIOTECA

SENCICO

Mecánica y automática del agua (Registro nro. 1272)

Detalles MARC
000 -LEADER
fixed length control field 00854nam a2200253Ia 4500
005 - DATE AND TIME OF LATEST TRANSACTION
control field 20251020182505.0
008 - FIXED-LENGTH DATA ELEMENTS--GENERAL INFORMATION
fixed length control field 200515s9999 xx 000 0 und d
020 ## - INTERNATIONAL STANDARD BOOK NUMBER
International Standard Book Number 84-267-0329-1
082 ## - DEWEY DECIMAL CLASSIFICATION NUMBER
Classification number 628.1/M26
100 ## - MAIN ENTRY--PERSONAL NAME
Personal name Marti Miquel, Celedonio
245 #0 - TITLE STATEMENT
Title Mecánica y automática del agua
260 ## - PUBLICATION, DISTRIBUTION, ETC.
Place of publication, distribution, etc. Barcelona
260 ## - PUBLICATION, DISTRIBUTION, ETC.
Name of publisher, distributor, etc. Marcombo ; Boixareu Editores
260 ## - PUBLICATION, DISTRIBUTION, ETC.
Date of publication, distribution, etc. 1976
300 ## - PHYSICAL DESCRIPTION
Extent 147 p.
300 ## - PHYSICAL DESCRIPTION
Other physical details il., tbl., graf.
500 ## - GENERAL NOTE
General note 1 ejemplar
520 ## - SUMMARY, ETC.
Summary, etc. Realza la importancia que tiene el agua en muchos procesos de fabricación, tanto en los servicios de energía, en los de refrigeración u obtención de temperaturas óptimas para el trabajo como en los procesos de mezcla o de simple arrastre o limpieza de las
650 ## - SUBJECT ADDED ENTRY--TOPICAL TERM
Topical term or geographic name entry element AGUA
650 ## - SUBJECT ADDED ENTRY--TOPICAL TERM
Topical term or geographic name entry element MECANICA
650 ## - SUBJECT ADDED ENTRY--TOPICAL TERM
Topical term or geographic name entry element MECANICA AUTOMATICA
942 ## - ADDED ENTRY ELEMENTS (KOHA)
Koha item type Libros
Existencias
Fecha de la última vez que lo usaron Pago total Signatura topográfica completa Código de barras Precio efectivo desde Tipo de documento Estado perdido Estado dañado No es para préstamo Retirado Ubicación permanente Ubicación actual Fecha de adquisición
15/05/2020   628.1/M26 Bib-Lima15051272 15/05/2020 Libros         Biblioteca Central Lima Biblioteca Central Lima 15/05/2020